Automatic flight control. (4th edition) (Record no. 84480)

MARC details
000 -LEADER
fixed length control field 01419nam a2200253 a 4500
008 - FIXED-LENGTH DATA ELEMENTS--GENERAL INFORMATION
fixed length control field 190826s1993 ||||||||||||||||| || u
020 ## - INTERNATIONAL STANDARD BOOK NUMBER
International Standard Book Number 9780632034956
050 ## - LIBRARY OF CONGRESS CALL NUMBER
Classification number TL 589.4 Pal
100 ## - MAIN ENTRY--PERSONAL NAME
Personal name Coyle, Shawn
245 10 - TITLE STATEMENT
Title Automatic flight control. (4th edition)
Statement of responsibility, etc. By E.H.J. Pallett and S. Coyle.
250 ## - EDITION STATEMENT
Edition statement 4th edition
260 ## - PUBLICATION, DISTRIBUTION, ETC.
Place of publication, distribution, etc. Cambridge, MA
Name of publisher, distributor, etc. Blackwell Science
Date of publication, distribution, etc. 1993
300 ## - PHYSICAL DESCRIPTION
Extent x, 323 pages : illustrations
350 ## -
-- 79.27
500 ## - GENERAL NOTE
General note Includes index.
650 #0 - SUBJECT ADDED ENTRY--TOPICAL TERM
Topical term or geographic name entry element AUTOMATIC PILOT (AIRPLANES)
650 #0 - SUBJECT ADDED ENTRY--TOPICAL TERM
Topical term or geographic name entry element FLIGHT CONTROL
700 ## - ADDED ENTRY--PERSONAL NAME
Personal name Pallett, E.H.J
995 ## -
-- MAIN LIBRARY OPEN ACCESS
-- 749646
-- CBU-MAIN LIBRARY (Kitwe)
-- 79.27
-- TL 589.4 Pal
-- 1
-- AVAILABLE
-- Aug 26, 2019
-- 749646
-- Main Library Open Access Collection
995 ## -
-- MAIN LIBRARY OPEN ACCESS
-- 749649
-- CBU-MAIN LIBRARY (Kitwe)
-- 79.27
-- TL 589.4 Pal
-- 4
-- AVAILABLE
-- Aug 26, 2019
-- 749649
-- Main Library Open Access Collection
995 ## -
-- MAIN LIBRARY OPEN ACCESS
-- 749647
-- CBU-MAIN LIBRARY (Kitwe)
-- 79.27
-- TL 589.4 Pal
-- 2
-- AVAILABLE
-- Aug 26, 2019
-- 749647
-- Main Library Open Access Collection
995 ## -
-- MAIN LIBRARY OPEN ACCESS
-- 749650
-- CBU-MAIN LIBRARY (Kitwe)
-- 79.27
-- TL 589.4 Pal
-- 5
-- AVAILABLE
-- Aug 26, 2019
-- 749650
-- Main Library Open Access Collection
995 ## -
-- MAIN LIBRARY OPEN ACCESS
-- 749648
-- CBU-MAIN LIBRARY (Kitwe)
-- 79.27
-- TL 589.4 Pal
-- 3
-- AVAILABLE
-- Aug 26, 2019
-- 749648
-- Main Library Open Access Collection
999 ## -
-- 84480
-- 84480
Holdings
Withdrawn status Lost status Source of classification or shelving scheme Damaged status Not for loan Permanent Location Current Location Shelving location Date acquired Total Checkouts Full call number Barcode Date last seen Copy number Price effective from Koha item type
          CBU-MAIN LIBRARY, KITWE. CBU-MAIN LIBRARY, KITWE.   01/25/2024   TL 589.4 Pal 749646 01/25/2024 1 01/25/2024 MONOGRAPH
          CBU-MAIN LIBRARY, KITWE. CBU-MAIN LIBRARY, KITWE.   01/25/2024   TL 589.4 Pal 749649 01/25/2024 2 01/25/2024 MONOGRAPH
          CBU-MAIN LIBRARY, KITWE. CBU-MAIN LIBRARY, KITWE.   01/25/2024   TL 589.4 Pal 749647 01/25/2024 3 01/25/2024 MONOGRAPH
          CBU-MAIN LIBRARY, KITWE. CBU-MAIN LIBRARY, KITWE.   01/25/2024   TL 589.4 Pal 749650 01/25/2024 4 01/25/2024 MONOGRAPH
          CBU-MAIN LIBRARY, KITWE. CBU-MAIN LIBRARY, KITWE.   01/25/2024   TL 589.4 Pal 749648 01/25/2024 5 01/25/2024 MONOGRAPH